Tứ đại Mỹ nhân

保存先:
書誌詳細
第一著者: Lê Giảng
フォーマット: 図書
言語:Vietnamese
出版事項: Giáo Dục 1998
主題:
タグ: タグ追加
タグなし, このレコードへの初めてのタグを付けませんか!
Thư viện lưu trữ: Mạng thư viện Đại học Đà Nẵng
LEADER 00941nam a2200313 a 4500
001 000003802
003 00378
005 20171229145311.0
008 171229s1998 vie
040 |a LSK 
041 0 |a VIE 
082 0 |a 951  |b LÊ-G 
100 1 |a Lê Giảng 
245 0 0 |a Tứ đại Mỹ nhân 
260 |b Giáo Dục  |c 1998 
300 |a 288 pages  |c 19 
653 |a Nhân vật - Lịch sử - Trung Quốc 
852 |a Phòng Đọc 
901 |a 1 
927 |a Sách tham khảo 
OWN |a LSK 
AVA |a UDN50  |b LSK  |d 951 LÊ-G  |e available  |t Error 5001 Not defined in file expand_doc_bib_avail.  |f 1  |g 0  |h N  |i 0  |k 1 
999 |a From the UDN01 
AVA |a UDN50  |b LSK  |d 951 LÊ-G  |e available  |t Error 5001 Not defined in file expand_doc_bib_avail.  |f 1  |g 0  |h N  |i 0  |k 1 
TYP |a Monograph 
TYP |a Printed language 
980 |a Mạng thư viện Đại học Đà Nẵng